<?xml version="1.0" encoding="UTF-8"?>
<record
    xmlns:xsi="http://www.w3.org/2001/XMLSchema-instance"
    xsi:schemaLocation="http://www.loc.gov/MARC21/slim http://www.loc.gov/standards/marcxml/schema/MARC21slim.xsd"
    xmlns="http://www.loc.gov/MARC21/slim">

  <leader>00550nam a22001577a 4500</leader>
  <controlfield tag="005">20250103111757.0</controlfield>
  <controlfield tag="008">250103b        |||||||| |||| 00| 0 eng d</controlfield>
  <datafield tag="040" ind1=" " ind2=" ">
    <subfield code="c">PK-LaUMT</subfield>
  </datafield>
  <datafield tag="082" ind1=" " ind2=" ">
    <subfield code="a">APC 297.4092</subfield>
    <subfield code="b">MEM-S</subfield>
  </datafield>
  <datafield tag="100" ind1=" " ind2=" ">
    <subfield code="a">Memon Abdul Majeed Sindhi = &#x645;&#x6CC;&#x645;&#x646; &#x639;&#x628;&#x62F;&#x644;&#x645;&#x62C;&#x6CC;&#x62F; &#x633;&#x646;&#x62F;&#x6BE;&#x6CC;</subfield>
    <subfield code="9">3976</subfield>
  </datafield>
  <datafield tag="245" ind1=" " ind2=" ">
    <subfield code="a">Shahbaz Qalandar = &#x634;&#x6C1;&#x628;&#x627;&#x632; &#x642;&#x644;&#x646;&#x62F;&#x631; : &#x633;&#x6CC;&#x631;&#x62A; &#x648; &#x633;&#x648;&#x627;&#x646;&#x62D; /</subfield>
    <subfield code="c">by Memon Abdul Majeed Sindhi = &#x645;&#x6CC;&#x645;&#x646; &#x639;&#x628;&#x62F;&#x644;&#x645;&#x62C;&#x6CC;&#x62F; &#x633;&#x646;&#x62F;&#x6BE;&#x6CC;</subfield>
  </datafield>
  <datafield tag="260" ind1=" " ind2=" ">
    <subfield code="a">Lahore :</subfield>
    <subfield code="b">Maktabah Alia,</subfield>
    <subfield code="c">1995</subfield>
  </datafield>
  <datafield tag="300" ind1=" " ind2=" ">
    <subfield code="a">135 p.</subfield>
  </datafield>
  <datafield tag="546" ind1=" " ind2=" ">
    <subfield code="a">Urdu</subfield>
  </datafield>
  <datafield tag="942" ind1=" " ind2=" ">
    <subfield code="c">BK</subfield>
  </datafield>
  <datafield tag="999" ind1=" " ind2=" ">
    <subfield code="c">136480</subfield>
    <subfield code="d">136480</subfield>
  </datafield>
  <datafield tag="952" ind1=" " ind2=" ">
    <subfield code="0">0</subfield>
    <subfield code="1">0</subfield>
    <subfield code="4">0</subfield>
    <subfield code="7">0</subfield>
    <subfield code="a">01</subfield>
    <subfield code="b">01</subfield>
    <subfield code="d">2025-01-03</subfield>
    <subfield code="l">0</subfield>
    <subfield code="o">APC 297.4092 MEM-S</subfield>
    <subfield code="p">148140</subfield>
    <subfield code="r">2025-01-03 11:18:10</subfield>
    <subfield code="w">2025-01-03</subfield>
    <subfield code="y">BK</subfield>
  </datafield>
</record>
